[Event "TUR-chT 2nd League"]
[Site "Konya"]
[Date "2022.08.24"]
[Round "4.9"]
[White "Yilmaz, Seyma"]
[Black "Tepeli, Sugra"]
[Result "1-0"]
[WhiteElo "1474"]
[BlackElo "1444"]
[PlyCount "75"]
[EventDate "2022.08.22"]
[EventType "team-swiss"]
[EventRounds "9"]
[EventCountry "TUR"]
[SourceTitle "CBM 210 Extra"]
[Source "ChessBase"]
[SourceDate "2022.11.30"]
[SourceVersion "1"]
[SourceVersionDate "2022.11.30"]
[SourceQuality "1"]
[WhiteTeam "Marmara Universitesi"]
[BlackTeam "Cesme Belediye"]
[WhiteTeamCountry "TUR"]
[BlackTeamCountry "TUR"]

1. c4 Nf6 2. g3 g6 3. Bg2 Bg7 4. e3 d5 5. d4 c6 6. b3 Bf5 7. Nc3 Na6 8. a3 Rc8 9. Nge2 Qd7 10. Nf4 Nc7 11. 0-0 0-0 12. Nd3 Bxd3 13. Qxd3 dxc4 14. Qxc4 Ncd5 15. b4 Nxc3 16. Qxc3 Nd5 17. Qb3 e6 18. Bb2 Rfd8 19. Rfc1 Ra8 20. a4 a5 21. b5 cxb5 22. axb5 b6 23. Rc4 Ra7 24. Rac1 Nb4 25. Ba3 Bf8 26. Bxb4 axb4 27. Rc6 Rb8 28. h4 Ra3 29. Qc4 Ra5 30. h5 Qe7 31. hxg6 hxg6 32. d5 e5 33. Rxg6+ Kh7 34. d6 Qa7 35. Rg5 Bh6 36. Qe4+ Kh8 37. Qh4 Kh7 38. Be4+ 1-0

[Event "TUR-chT 2nd League"]
[Site "Konya"]
[Date "2022.08.23"]
[Round "3.12"]
[White "Kayis, Merve"]
[Black "Yilmaz, Seyma"]
[Result "1/2-1/2"]
[WhiteElo "1307"]
[BlackElo "1474"]
[PlyCount "99"]
[EventDate "2022.08.22"]
[EventType "team-swiss"]
[EventRounds "9"]
[EventCountry "TUR"]
[SourceTitle "CBM 210 Extra"]
[Source "ChessBase"]
[SourceDate "2022.11.30"]
[SourceVersion "1"]
[SourceVersionDate "2022.11.30"]
[SourceQuality "1"]
[WhiteTeam "Gulbahcesi Egitim"]
[BlackTeam "Marmara Universitesi"]
[WhiteTeamCountry "TUR"]
[BlackTeamCountry "TUR"]

1. d4 d5 2. c4 e5 3. dxe5 d4 4. Nf3 Nc6 5. Bf4 Bg4 6. Nbd2 Qd7 7. h3 Bf5 8. a3 Nge7 9. e4 dxe3 10. Bxe3 0-0-0 11. Be2 h6 12. 0-0 g5 13. b4 Bg7 14. Qb3 Bxh3 15. gxh3 Qxh3 16. Nh2 Nxe5 17. Bc5 Rd3 18. Qxd3 Nxd3 19. Bg4+ Qxg4+ 20. Nxg4 Nxc5 21. Rae1 Ne6 22. Ne5 Bxe5 23. Rxe5 Rd8 24. Nf3 g4 25. Nh2 Rd4 26. c5 Rf4 27. Rfe1 Ng6 28. Rh5 Ng5 29. Rf1 Nh3+ 30. Kg2 Rd4 31. Rxh6 Ngf4+ 32. Kh1 Nxf2+ 33. Rxf2 g3 34. Rh8+ Kd7 35. Rxf4 Rxf4 36. Ra8 gxh2 37. Kxh2 a6 38. Rg8 f5 39. Rg7+ Kc6 40. Rf7 Rf3 41. a4 Rf4 42. b5+ axb5 43. axb5+ Kxb5 44. Rxc7 Ka6 45. c6 bxc6 46. Rxc6+ Kb5 47. Rc2 Rg4 48. Rf2 Rg5 49. Kh3 Kc5 50. Kh4 1/2-1/2

[Event "TUR-ch (Women)"]
[Site "Ankara"]
[Date "2020.03.04"]
[Round "4"]
[White "Catalkaya, Emine Damla"]
[Black "Yilmaz, Seyma"]
[Result "0-1"]
[WhiteElo "1216"]
[BlackElo "1497"]
[PlyCount "113"]
[EventDate "2020.03.02"]
[EventType "swiss"]
[EventRounds "9"]
[EventCountry "TUR"]
[SourceTitle "CBM 195 Extra"]
[Source "ChessBase"]
[SourceDate "2020.05.31"]
[SourceVersion "1"]
[SourceVersionDate "2020.05.31"]
[SourceQuality "1"]

1. d4 d5 2. Nf3 Nf6 3. g3 g6 4. Bg2 Bg7 5. 0-0 0-0 6. Nbd2 c5 7. c3 cxd4 8. cxd4 Nc6 9. Nb3 Bf5 10. Bf4 Rc8 11. a3 b6 12. Rc1 Nh5 13. Be3 Qd7 14. Qd2 Bh3 15. Bh6 Bxg2 16. Bxg7 Kxg7 17. Kxg2 Nf6 18. h4 h5 19. Qf4 Qg4 20. Qxg4 hxg4 21. Nfd2 e6 22. Rfe1 Ne7 23. e4 dxe4 24. Nxe4 Nxe4 25. Rxe4 Rxc1 26. Nxc1 Rc8 27. Nd3 Rc2 28. Rxg4 Nd5 29. Re4 Rd2 30. Nf4 Nxf4+ 31. Rxf4 Rxb2 32. Re4 Rd2 33. Kf3 Rd3+ 34. Re3 Rxd4 35. Ke2 Kf6 36. Rf3+ Ke7 37. Ke3 Ra4 38. Ke2 f5 39. Rd3 b5 40. Kf1 Kf6 41. f4 Kg7 42. Kf2 Kf6 43. Kf1 a5 44. Rb3 b4 45. axb4 Rxb4 46. Ra3 a4 47. Ke2 Kg7 48. Kd3 Rb3+ 49. Rxb3 axb3 50. Kc3 Kh6 51. Kxb3 Kh5 52. Kc3 Kg4 53. Kd4 Kxg3 54. Ke5 Kxh4 55. Kxe6 Kg4 56. Ke5 Kf3 57. Kd4 0-1

[Event "TUR-ch (Women)"]
[Site "Ankara"]
[Date "2020.03.03"]
[Round "2"]
[White "Gur, Tuba"]
[Black "Yilmaz, Seyma"]
[Result "1-0"]
[WhiteElo "1782"]
[BlackElo "1497"]
[PlyCount "59"]
[EventDate "2020.03.02"]
[EventType "swiss"]
[EventRounds "9"]
[EventCountry "TUR"]
[SourceTitle "CBM 195 Extra"]
[Source "ChessBase"]
[SourceDate "2020.05.31"]
[SourceVersion "1"]
[SourceVersionDate "2020.05.31"]
[SourceQuality "1"]

1. d4 Nf6 2. Nf3 e6 3. e3 c5 4. Bd3 d5 5. 0-0 Nc6 6. b3 Bd6 7. Bb2 0-0 8. Ne5 Qc7 9. f4 cxd4 10. Nxc6 bxc6 11. Bxd4 Ne4 12. Bxe4 dxe4 13. Nd2 f5 14. Nc4 Ba6 15. Qe2 Rad8 16. Rfd1 Be7 17. Be5 Qc8 18. Qe1 Bxc4 19. bxc4 Qa6 20. Qc3 Bc5 21. Bxg7 Bxe3+ 22. Kh1 Qb6 23. Bxf8 Rxf8 24. Rab1 Qc5 25. Rb7 e5 26. fxe5 Bf4 27. Rdd7 Re8 28. Rg7+ Kh8 29. Rxh7+ Kg8 30. Rhg7+ 1-0

[Event "TUR-ch (Women)"]
[Site "Ankara"]
[Date "2020.03.03"]
[Round "3"]
[White "Yilmaz, Seyma"]
[Black "Tastekin, Ebrar Gozde"]
[Result "0-1"]
[WhiteElo "1497"]
[BlackElo "1271"]
[PlyCount "60"]
[EventDate "2020.03.02"]
[EventType "swiss"]
[EventRounds "9"]
[EventCountry "TUR"]
[SourceTitle "CBM 195 Extra"]
[Source "ChessBase"]
[SourceDate "2020.05.31"]
[SourceVersion "1"]
[SourceVersionDate "2020.05.31"]
[SourceQuality "1"]

1. e4 c5 2. c3 Nf6 3. e5 Nd5 4. d4 cxd4 5. Nf3 Nc6 6. cxd4 e6 7. Be2 Qa5+ 8. Nbd2 Nf4 9. 0-0 Nxe2+ 10. Qxe2 b6 11. Rd1 Bb7 12. Nb3 Qd5 13. Be3 Be7 14. Rac1 Nb4 15. Qc4 Nxa2 16. Qd3 Nxc1 17. Nxc1 0-0 18. Ne2 Qe4 19. Qd2 Qg6 20. Nf4 Qf5 21. d5 exd5 22. Nd4 Qxe5 23. Nf3 Qd6 24. Nd3 Bf6 25. Bf4 Qe6 26. Re1 Qf5 27. h3 Rfe8 28. Rc1 d4 29. g4 Qd5 30. Nde1 Rxe1+ 0-1

[Event "TUR-chT Clubs"]
[Site "Konya"]
[Date "2019.07.16"]
[Round "1.17"]
[White "Temel, Nurcan"]
[Black "Yilmaz, Seyma"]
[Result "0-1"]
[WhiteElo "1371"]
[BlackElo "1500"]
[PlyCount "66"]
[EventDate "2019.07.16"]
[EventType "team-swiss"]
[EventRounds "9"]
[EventCountry "TUR"]
[SourceTitle "CBM 191 Extra"]
[Source "ChessBase"]
[SourceDate "2019.09.30"]
[SourceVersion "1"]
[SourceVersionDate "2019.09.30"]
[SourceQuality "1"]
[WhiteTeam "Nusaybin Dernegi"]
[BlackTeam "Artvin Il Ozel"]
[WhiteTeamCountry "TUR"]
[BlackTeamCountry "TUR"]

1. d4 d5 2. c4 e5 3. dxe5 d4 4. Nf3 Nc6 5. g3 Bg4 6. Bg2 Qd7 7. 0-0 0-0-0 8. Nbd2 Bh3 9. Ne4 Bxg2 10. Kxg2 h5 11. Bd2 h4 12. Bg5 hxg3 13. fxg3 Qh3+ 14. Kg1 Nxe5 15. Rf2 Nxf3+ 16. exf3 f6 17. Bd2 Ne7 18. Qf1 Qh5 19. Qg2 Nc6 20. f4 f5 21. Ng5 d3 22. Ne6 Rd6 23. Nxf8 Rxf8 24. Bc3 Qf7 25. c5 Re6 26. Rd2 Re3 27. a3 Rd8 28. Qf1 Qc4 29. Rad1 Qxc5 30. Qf2 Qc4 31. Bxg7 Qe6 32. Rf1 Na5 33. Qg2 Nb3 0-1

[Event "TUR-chT 2nd League"]
[Site "Konya"]
[Date "2018.07.19"]
[Round "5.5"]
[White "Yilmaz, Seyma"]
[Black "Arkan, Yaren"]
[Result "0-1"]
[WhiteElo "1487"]
[BlackElo "1576"]
[PlyCount "84"]
[EventDate "2018.07.16"]
[EventType "team-swiss"]
[EventRounds "9"]
[EventCountry "TUR"]
[SourceTitle "EXT 2019"]
[Source "ChessBase"]
[SourceDate "2018.10.10"]
[SourceVersion "1"]
[SourceVersionDate "2018.10.10"]
[SourceQuality "1"]
[WhiteTeam "Marmara Universitesi"]
[BlackTeam "Mugla Ortaca Belediye"]
[WhiteTeamCountry "TUR"]
[BlackTeamCountry "TUR"]

1. e4 d5 2. exd5 Nf6 3. d4 Nxd5 4. c4 Nb6 5. Nf3 g6 6. Nc3 Bg7 7. h3 0-0 8. Be2 Nc6 9. Be3 e5 10. dxe5 Nxe5 11. Nxe5 Bxe5 12. 0-0 Be6 13. c5 Nc4 14. Bxc4 Bxc4 15. Qxd8 Raxd8 16. Rfd1 f5 17. Bg5 Rde8 18. Nd5 Kg7 19. f4 Bxb2 20. Nxc7 Bxa1 21. Nxe8+ Rxe8 22. Rxa1 Re2 23. Rd1 Bb5 24. a3 Bc6 25. Kf1 Rc2 26. Rd6 Bxg2+ 27. Ke1 Bc6 28. Bf6+ Kf7 29. Bd4 Rh2 30. Rf6+ Ke7 31. h4 Rxh4 32. Be5 Rxf4 33. Rf7+ Kxf7 34. Bxf4 Kf6 35. Kf2 g5 36. Bd6 h5 37. Bc7 f4 38. Bd8+ Kf5 39. Be7 g4 40. Bh4 g3+ 41. Kg1 Kg4 42. Bf6 f3 0-1